Guernsey Parishes - Statistics

General Stats
  • This quiz has been taken 19 times
  • The average score is 7 of 10
Answer Stats
No. Answer % Correct
5 St. Peter Port
100%
7 St Sampson
83%
10 Vale
83%
2 Forest
75%
1 Castel
67%
4 St. Martin
67%
8 St Saviour
67%
9 Torteval
67%
3 St. Andrews
58%
6 St Pierre du Bois
58%
No matching quizzes found
Score Distribution
Percent of People with Each Score
Percentile by Number Answered
Your Score History
You have not taken this quiz